| 000 | 00550nam a22001937a 4500 | ||
|---|---|---|---|
| 008 | 230515nuuuuuuuuag ||||| |||| 00| 0 spa d | ||
| 100 | 1 | _aParodi, Daniel | |
| 245 | 1 | 0 |
_aEnsayo sobre la Economía y la Política / _cDaniel Parodi. |
| 260 |
_aBuenos Aires : _bEditorial Albatros, _c[fecha de publicación no identificada] |
||
| 300 | _a181 páginas | ||
| 942 | _cLIBRO | ||
| 003 | AR-BaAGN | ||
| 005 | 20230517144023.0 | ||
| 007 | ta | ||
| 040 |
_aAR-BaAGN _bspa _eaacr |
||
| 336 |
_2rdacontent _btxt |
||
| 337 |
_2rdamedia _bn |
||
| 338 |
_2rdacarrier _bnc |
||
| 999 |
_c48516 _d48516 |
||